Central Library OPAC University of Rajshahi

The electronic theory of valency / (Record no. 72094)

MARC details
000 -LEADER
fixed length control field 00758nam a2200253 a 4500
001 - CONTROL NUMBER
control field 72094
003 - CONTROL NUMBER IDENTIFIER
rucl marc code BD-RjUL
005 - DATE AND TIME OF LATEST TRANSACTION
control field 20211209082218.0
008 - FIXED-LENGTH DATA ELEMENTS--GENERAL INFORMATION
fixed length control field 170513s1927 enka 001 0 eng
035 ## - SYSTEM CONTROL NUMBER
System control number (BD-RjUL)72310
040 ## - CATALOGING SOURCE
Original cataloging agency DLC/ICU
Transcribing agency ICU
Modifying agency BD-RjUL
Language of cataloging eng
041 ## - LANGUAGE CODE
Language code of text/sound track or separate title eng
082 ## - DEWEY DECIMAL CLASSIFICATION NUMBER
Edition number 23
Classification number 541.224
Author mark and year SIE 1927
100 1# - MAIN ENTRY--PERSONAL NAME
Personal name Sidgwick, Nevil Vincent,
Dates associated with a name 1873-1952.
9 (RLIN) 117221
245 14 - TITLE STATEMENT
Title The electronic theory of valency /
Statement of responsibility, etc. by Nevil Vincent Sidgwick
260 ## - PUBLICATION, DISTRIBUTION, ETC. (IMPRINT)
Place of publication, distribution, etc. Oxford :
Name of publisher, distributor, etc. The Clarendon press,
Date of publication, distribution, etc. 1927.
300 ## - PHYSICAL DESCRIPTION
Pagination xi, 310 p. :
Illustrations ill. ;
Size 25 cm.
500 ## - GENERAL NOTE
General note Includes index
650 #0 - SUBJECT ADDED ENTRY--TOPICAL TERM
Topical term or geographic name as entry element Valence (Theoretical chemistry)
9 (RLIN) 159808
Topical term or geographic name as entry element Electrons.
9 (RLIN) 163105
Topical term or geographic name as entry element Atomic theory.
9 (RLIN) 200627
942 ## - ADDED ENTRY ELEMENTS (KOHA)
Source of classification or shelving scheme Dewey Decimal Classification
Koha item type Books
Holdings
Lost status Source of classification or shelving scheme Damaged status Not for loan Collection code Permanent Location Current Location Shelving location Date acquired Source of acquisition Total Checkouts Full call number Date last seen Copy number Koha item type Cost, normal purchase price
  Dewey Decimal Classification   Not For Loan Non-fiction Central Library, University of Rajshahi Central Library, University of Rajshahi Reading Room 01/04/1974 B.N.B.C   541.224 SIE 1927 13/05/2017 C-1 Books  
  Dewey Decimal Classification     Non-fiction Central Library, University of Rajshahi Central Library, University of Rajshahi   16/11/1957 Oxford University Press   541.224 SIE 1953 14/05/2017 C-2 Books 20.50
  Dewey Decimal Classification     Non-fiction Central Library, University of Rajshahi Central Library, University of Rajshahi   16/11/1957 Oxford University Press   541.224 SIE 1953 14/05/2017 C-3 Books 20.50